| 000 | 00772cam a22002415i 4500 | ||
|---|---|---|---|
| 999 |
_c7715 _d7715 |
||
| 001 | 991060875860606706 | ||
| 003 | OSt | ||
| 005 | 20230419112256.0 | ||
| 008 | 221124s2022 sp |||||-|||||0|| 0-spa|c | ||
| 017 |
_aDL M 9757-2022 _bOficina DL Madrid |
||
| 020 | _a9788441545953 | ||
| 040 |
_aES-BaUAB _bcat _erda _cCDMR |
||
| 100 | 1 | _aVillas Olmeda, Mónica, | |
| 245 | 1 | 0 |
_aManual de ética aplicada en inteligencia artificial / _cMónica Villas Olmeda, Javier Camacho Ibáñez |
| 264 | 1 |
_aMadrid : _bAnaya Multimedia, _c2022 |
|
| 300 |
_a279 pàgines ; _c23 cm |
||
| 504 | _aBibliografia. Índex | ||
| 650 | 7 |
_aIntel·ligència artificial _xAspectes ètics i morals. _2lemac |
|
| 700 | 1 | _aCamacho Ibáñez, Javier, | |
| 908 | _aUAB | ||
| 940 | _aUAB | ||
| 942 |
_2udc _cMON |
||